<?xml version="1.0" encoding="UTF-8"?>
<record
    xmlns:xsi="http://www.w3.org/2001/XMLSchema-instance"
    xsi:schemaLocation="http://www.loc.gov/MARC21/slim http://www.loc.gov/standards/marcxml/schema/MARC21slim.xsd"
    xmlns="http://www.loc.gov/MARC21/slim">

  <leader>01890cam a2200373 a 4500</leader>
  <controlfield tag="001">4429</controlfield>
  <controlfield tag="003">FISKH</controlfield>
  <controlfield tag="005">20241025084220.0</controlfield>
  <controlfield tag="008">090213s2009    nyua   j      000 0 eng  </controlfield>
  <datafield tag="010" ind1=" " ind2=" ">
    <subfield code="a">  2009005121</subfield>
  </datafield>
  <datafield tag="020" ind1=" " ind2=" ">
    <subfield code="a">9780316040495 (hc)</subfield>
  </datafield>
  <datafield tag="020" ind1=" " ind2=" ">
    <subfield code="a">0316040495 (hc)</subfield>
  </datafield>
  <datafield tag="040" ind1=" " ind2=" ">
    <subfield code="a">DLC</subfield>
    <subfield code="c">DLC</subfield>
    <subfield code="d">IG#</subfield>
    <subfield code="d">BTCTA</subfield>
    <subfield code="d">UPZ</subfield>
    <subfield code="d">OCO</subfield>
    <subfield code="d">ORX</subfield>
    <subfield code="d">UUC</subfield>
    <subfield code="d">VP@</subfield>
    <subfield code="d">XY4</subfield>
    <subfield code="d">EHH</subfield>
    <subfield code="d">DLC</subfield>
  </datafield>
  <datafield tag="050" ind1=" " ind2=" ">
    <subfield code="a">PN6109.J85</subfield>
  </datafield>
  <datafield tag="082" ind1=" " ind2=" ">
    <subfield code="a">808.81</subfield>
  </datafield>
  <datafield tag="100" ind1=" " ind2=" ">
    <subfield code="a">Andrews, Julie </subfield>
  </datafield>
  <datafield tag="245" ind1="0" ind2="0">
    <subfield code="a">Julie Andrews' collection of poems, songs, and lullabies /</subfield>
    <subfield code="c">selected by Julie Andrews &amp; Emma Walton Hamilton ; paintings by James McMullan.</subfield>
  </datafield>
  <datafield tag="260" ind1=" " ind2=" ">
    <subfield code="a">New York :</subfield>
    <subfield code="b">Little, Brown Books for Young Readers,</subfield>
    <subfield code="c">2012.</subfield>
  </datafield>
  <datafield tag="300" ind1=" " ind2=" ">
    <subfield code="a">192 pages :</subfield>
    <subfield code="b">color illustrations ;</subfield>
    <subfield code="c">26 cm. +</subfield>
    <subfield code="e">1 sound disc (digital ; 4 3/4 in.)</subfield>
  </datafield>
  <datafield tag="505" ind1="0" ind2=" ">
    <subfield code="a">CD contents: Introduction -- Loveliest of trees -- Rice pudding -- Pied beauty -- Faith -- Orange -- Runaway -- Something told the wild geese -- Cargoes -- Observation -- If once you have slept on an island -- Bartholomew Blue -- When mother reads aloud -- Trick -- At the theatre -- An attempt at unrhymed verse -- Turkey shot out of the oven -- To an oak tree -- Growing up -- High flight -- King's breakfast -- Toys talk of the world -- Outroduction.</subfield>
  </datafield>
  <datafield tag="520" ind1=" " ind2=" ">
    <subfield code="a">"Julie Andrews and her daughter, Emma Walton Hamilton, have hand-selected a wonderful mix of their most cherished poems, songs, and lullabies in this rich and diverse poetry collection."--Amazon.com.</subfield>
  </datafield>
  <datafield tag="650" ind1=" " ind2="0">
    <subfield code="a">Children's poetry.</subfield>
  </datafield>
  <datafield tag="650" ind1=" " ind2="1">
    <subfield code="a">Children's songs, English</subfield>
    <subfield code="v">Texts.</subfield>
  </datafield>
  <datafield tag="650" ind1=" " ind2="0">
    <subfield code="a">Lullabies, English</subfield>
    <subfield code="v">Texts.</subfield>
  </datafield>
  <datafield tag="650" ind1=" " ind2="1">
    <subfield code="a">Poetry.</subfield>
  </datafield>
  <datafield tag="650" ind1=" " ind2="1">
    <subfield code="a">Songs.</subfield>
  </datafield>
  <datafield tag="650" ind1=" " ind2="1">
    <subfield code="a">Lullabies.</subfield>
  </datafield>
  <datafield tag="700" ind1="1" ind2=" ">
    <subfield code="a">Andrews, Julie.</subfield>
    <subfield code="e">Selector</subfield>
  </datafield>
  <datafield tag="700" ind1="1" ind2=" ">
    <subfield code="a">Hamilton, Emma Walton.</subfield>
    <subfield code="e">Selector </subfield>
  </datafield>
  <datafield tag="700" ind1="1" ind2=" ">
    <subfield code="a">McMullan, James,</subfield>
    <subfield code="d">1934-</subfield>
    <subfield code="e">illustrator </subfield>
  </datafield>
  <datafield tag="906" ind1=" " ind2=" ">
    <subfield code="a">7</subfield>
    <subfield code="b">cbc</subfield>
    <subfield code="c">orignew</subfield>
    <subfield code="d">1</subfield>
    <subfield code="e">ecip</subfield>
    <subfield code="f">20</subfield>
    <subfield code="g">y-gencatlg</subfield>
  </datafield>
  <datafield tag="942" ind1=" " ind2=" ">
    <subfield code="2">ddc</subfield>
    <subfield code="c">BK</subfield>
    <subfield code="n">0</subfield>
  </datafield>
  <datafield tag="999" ind1=" " ind2=" ">
    <subfield code="c">4429</subfield>
    <subfield code="d">4429</subfield>
  </datafield>
  <datafield tag="952" ind1=" " ind2=" ">
    <subfield code="0">0</subfield>
    <subfield code="1">0</subfield>
    <subfield code="2">ddc</subfield>
    <subfield code="4">0</subfield>
    <subfield code="7">0</subfield>
    <subfield code="8">FIC</subfield>
    <subfield code="a">002</subfield>
    <subfield code="b">002</subfield>
    <subfield code="c">SBS</subfield>
    <subfield code="d">2024-09-05</subfield>
    <subfield code="l">0</subfield>
    <subfield code="o">AND 808.81 PN6109.J85</subfield>
    <subfield code="p">2024-1889</subfield>
    <subfield code="r">2024-09-05 14:52:51</subfield>
    <subfield code="t">1</subfield>
    <subfield code="w">2024-09-05</subfield>
    <subfield code="y">BK</subfield>
  </datafield>
  <datafield tag="952" ind1=" " ind2=" ">
    <subfield code="0">0</subfield>
    <subfield code="1">0</subfield>
    <subfield code="2">ddc</subfield>
    <subfield code="4">0</subfield>
    <subfield code="7">0</subfield>
    <subfield code="8">JUVF</subfield>
    <subfield code="a">001</subfield>
    <subfield code="b">001</subfield>
    <subfield code="c">LSHTK</subfield>
    <subfield code="d">2024-09-05</subfield>
    <subfield code="l">0</subfield>
    <subfield code="o">AND 808.81 PN6109.J85</subfield>
    <subfield code="p">2024-1890</subfield>
    <subfield code="r">2024-09-05 14:55:16</subfield>
    <subfield code="t">2</subfield>
    <subfield code="w">2024-09-05</subfield>
    <subfield code="y">BK</subfield>
  </datafield>
  <datafield tag="952" ind1=" " ind2=" ">
    <subfield code="0">0</subfield>
    <subfield code="1">0</subfield>
    <subfield code="2">ddc</subfield>
    <subfield code="4">0</subfield>
    <subfield code="7">0</subfield>
    <subfield code="8">JUVF</subfield>
    <subfield code="a">001</subfield>
    <subfield code="b">001</subfield>
    <subfield code="c">SBS</subfield>
    <subfield code="d">2024-09-05</subfield>
    <subfield code="l">0</subfield>
    <subfield code="o">AND 808.81 PN6109.J85</subfield>
    <subfield code="p">2024-2219</subfield>
    <subfield code="r">2024-10-25 08:43:39</subfield>
    <subfield code="t">3</subfield>
    <subfield code="w">2024-09-05</subfield>
    <subfield code="y">BK</subfield>
  </datafield>
  <datafield tag="952" ind1=" " ind2=" ">
    <subfield code="0">0</subfield>
    <subfield code="1">0</subfield>
    <subfield code="2">ddc</subfield>
    <subfield code="4">0</subfield>
    <subfield code="7">0</subfield>
    <subfield code="8">JUVF</subfield>
    <subfield code="a">001</subfield>
    <subfield code="b">001</subfield>
    <subfield code="c">SBS</subfield>
    <subfield code="d">2024-09-05</subfield>
    <subfield code="l">0</subfield>
    <subfield code="o">AND 808.81 PN6109.J85</subfield>
    <subfield code="p">2024-2220</subfield>
    <subfield code="r">2024-10-25 08:44:06</subfield>
    <subfield code="t">4</subfield>
    <subfield code="w">2024-09-05</subfield>
    <subfield code="y">BK</subfield>
  </datafield>
</record>
